|
|
|
|
| LEADER |
00000naa2a2200000 4500 |
| 001 |
493870 |
| 005 |
20240202102226.0 |
| 035 |
|
|
|a (RuTPU)RU\TPU\prd\163341
|
| 035 |
|
|
|a RU\TPU\prd\160440
|
| 090 |
|
|
|a 493870
|
| 100 |
|
|
|a 20121214a2010 k y0rusy50 ca
|
| 101 |
0 |
|
|a rus
|
| 102 |
|
|
|a RU
|
| 200 |
1 |
|
|a Пессимистический аспект тепловизионного энергоаудита строительных сооружений
|f В. П. Вавилов
|
| 330 |
|
|
|a Показано, что тепловизионные оценки тепловых потерь в строительных зданиях и сооружениях могут сопровождаться погрешностями от 30 до 100%, что требует пересмотра регламентируемых требований к температурному напору между внутренними помещениями и наружной средой.
|
| 461 |
|
1 |
|0 (RuTPU)RU\TPU\prd\151
|t Дефектоскопия
|d 1965-
|
| 463 |
|
1 |
|0 (RuTPU)RU\TPU\prd\99855
|t № 12
|v С. 49-54
|d 2010
|
| 610 |
1 |
|
|a труды учёных ТПУ
|
| 700 |
|
1 |
|a Вавилов
|b В. П.
|c специалист в области неразрушающего контроля
|c профессор Томского политехнического университета, доктор технических наук
|f 1949-
|g Владимир Платонович
|3 (RuTPU)RU\TPU\pers\19772
|9 7710
|
| 801 |
|
1 |
|a RU
|b 63413507
|c 20121127
|
| 801 |
|
2 |
|a RU
|b 63413507
|c 20140324
|g RCR
|
| 942 |
|
|
|c BK
|